All countries starting with "B"- Map Quiz (official English spelling) - Statistics

General Stats
  • This quiz has been taken 166 times
  • The average score is 15 of 17
Answers on the Map
Answers color-coded by a green-red scale on the quiz's map according to % correct below.
 
Answer Stats
Answer % Correct
Belgium
98%
Bolivia
94%
Belize
92%
Bahamas
91%
Botswana
90%
Brazil
90%
Bahrain
87%
Barbados
87%
Bhutan
86%
Burundi
86%
Benin
85%
Bangladesh
83%
Belarus
83%
Brunei
82%
Bulgaria
79%
Burkina Faso
79%
Bosnia and Herzegovina
75%
No matching quizzes found
Score Distribution
Percent of People with Each Score
Percentile by Number Answered
Your Score History
You have not taken this quiz